00326nam a2200121Ia 4500008004100000041000800041082001200049100001900061245004500080260004100125300003000166365000800196240624s9999 xx 000 0 und d aeng a823 RIC aRICKS THOMAS E aFIASCO THE AMERICAN MILITARY ADVENTURE I c2006aNew DelhibPenguin Books India axiv, : 481 : p. : cm ; 25 cBPS